L’Occident connaît la musique. Musiques du monde et ethnomusicologie. Jean-Loup Amselle. Éditions Mimésis, 2024, 178 p., 16 € (notice n° 1875496)
[ vue normale ]
| 000 -LEADER | |
|---|---|
| fixed length control field | 01607cam a2200169 4500500 |
| 005 - DATE AND TIME OF LATEST TRANSACTION | |
| control field | 20260329012921.0 |
| 041 ## - LANGUAGE CODE | |
| Language code of text/sound track or separate title | fre |
| 042 ## - AUTHENTICATION CODE | |
| Authentication code | dc |
| 100 10 - MAIN ENTRY--PERSONAL NAME | |
| Personal name | Traimond, Bernard |
| Relator term | author |
| 245 00 - TITLE STATEMENT | |
| Title | L’Occident connaît la musique. Musiques du monde et ethnomusicologie. Jean-Loup Amselle. Éditions Mimésis, 2024, 178 p., 16 € |
| 260 ## - PUBLICATION, DISTRIBUTION, ETC. | |
| Date of publication, distribution, etc. | 2025.<br/> |
| 500 ## - GENERAL NOTE | |
| General note | 37 |
| 520 ## - SUMMARY, ETC. | |
| Summary, etc. | Artificial intelligence represents an anthropological upheaval. According to this issue edited by Nicolas Léger and Adrien Tallent, AI competes with the human mind and threatens democracy. But the body, the figures of the tinkerer and the hacker, and the commons can organize resistance against and with AI. Also in this issue: A Putin-Trump axis ?; The new Great Lakes crisis; Kaleidoscope Lévi-Strauss; Rediscovering Calvino; Secular revolutions and religious counter-revolutions. |
| 520 ## - SUMMARY, ETC. | |
| Summary, etc. | L’intelligence artificielle représente un bouleversement anthropologique. Selon ce dossier coordonné par Nicolas Léger et Adrien Tallent, l’IA entre en concurrence avec l’esprit humain et menace la démocratie. Mais le corps, les figures du bricoleur et du hacker, et les communs permettent d’organiser la résistance contre et avec l’IA. À lire aussi dans ce numéro: Un axe Poutine-Trump ?; La nouvelle crise des Grands Lacs; Kaléidoscope Lévi-Strauss; Redécouvrir Calvino; Révolutions laïques et contre-révolutions religieuses. |
| 786 0# - DATA SOURCE ENTRY | |
| Note | Esprit | Avril | 4 | 2025-04-05 | p. 139-141 | 0014-0759 |
| 856 41 - ELECTRONIC LOCATION AND ACCESS | |
| Uniform Resource Identifier | <a href="https://shs.cairn.info/revue-esprit-2025-4-page-139?lang=fr&redirect-ssocas=7080">https://shs.cairn.info/revue-esprit-2025-4-page-139?lang=fr&redirect-ssocas=7080</a> |
Pas d'exemplaire disponible.




Réseaux sociaux